Consecutive Championships in North American Sports - Statistics

General Stats
  • This quiz has been taken 27 times
  • The average score is 10 of 14
Answer Stats
Hint Answer % Correct
1959-66 Boston Celtics
95%
1949-53 New York Yankees
91%
1996-98 Chicago Bulls
86%
1991-93 Chicago Bulls
82%
1936-39 New York Yankees
77%
1998-00 New York Yankees
77%
1956-60 Montreal Canadiens
73%
2000-02 Los Angeles Lakers
68%
1952-54 Minneapolis Lakers
68%
1976-79 Montreal Canadiens
64%
1980-83 New York Islanders
59%
1972-74 Oakland Athletics
59%
1947-49 Toronto Maple Leafs
50%
1962-64 Toronto Maple Leafs
32%
No matching quizzes found
Score Distribution
Percent of People with Each Score
Percentile by Number Answered
Your Score History
You have not taken this quiz